=LDR 00000nam 2200000 4500 =001 INLIS000000000007672 =005 20230131080705 =035 ##$$a 0010-061300000007672 =008 230131###########################0###### =041 ##$$a Ind =082 ##$$a 150 =090 ##$$a 150, Pen p =100 ##$$a Fordhan, Frida =245 1#$$a Pengantar Psikologi C.G Jung : $b teori-teori dan teknik psikologi kedokteran /$c Frida Fordham =260 ##$$a Jakarta :$b Bhratara Karya Aksara,$c 1988 =300 ##$$a xvi, 107 hlm ; $c 21 cm =650 #4$$a Psikologi =084 ##$$a 150 FOR p =990 ##$$a 31.895/Pro.89